1483 1039 1588 1470 1235 1649 1064 1803 1135 1889 1385 1842 1682 1165 1098 1900 1528 1085 1705 1961 1668 1736 1321 1195 1591 1402 1121 1266 1549 1429 1870 1228 1268 1513 1871 1913 1083 1271 1186 1861 1550 1753 1507 1474 1450 1703 1231 1718 1246 1472 1704 1656 1031 1192 1393 1996 1316 1614 1768 1880 1992 1537 1514 1722 1484 1877 1578 1977 1460 1828 1222 1796 1572 1361 1497 1557 1823 1711 1347 1097 1626 1019 1507 1813 1164 1819 1464 1925 1023 1376 1527 1008 1026 1687 1151 1204 1759 1982 1219 BCNSPRNW ULIB Ver.6.0+V

เปลี่ยนเป็นภาษาไทย

Change to English
 แสดงรายละเอียดบรรณานุกรม
  กลับหน้าหลัก

Brief Record : Get Marc (ISO 2709) : E-mail record : QR code < ปิดหน้าต่าง
LEADER : 00000nam 2200000uu 4500
001    13399110453
003     ULIB
008    110601s2551||||th 000 0 tha d
020    9789743838972(ล.6)
060 04 WO100^bพ246ศ ล.6 2551
245 00 ศัลยศาสตร์ทั่วไป.^nเล่ม 6,^pTips & techniques in operativesurgery /^cคณะบรรณาธิการ, พรพรหม เมืองแมน ... [และคนอื่นๆ]
246 30 ศัลยศาสตร์ทั่วไป
246 30 Tips & techniques in operative surgery
250    พิมพ์ครั้งที่ 1
260    กรุงเทพฯ :^bโฆษิตการพิมพ์,^c2551
300    362 หน้า :^bภาพประกอบ ;^c22 ซม.
500 หน ังสือประกอบการประชุมวิชาการของสมาคมศัลยแพทย์ทั่วไปแห่งประเทศไทย ในพระบรมราชูปถัมภ์ ประจำปี 2551 ครั้งที่ 7 เรื่อง " Tips & techniques in operative surgery" วันที่ 19-21 พฤศจิกายน 2551 ณ อาคารเฉลิมพระบารมี 50 ปี
650  7 ศัลยศาสตร์
650  7 ศัลยกรรม^vรวมเรื่อง
653    ผลงานอาจารย์คณะแพทยศาสตร์ศิริราชพยาบาล
700 0  พรพรหม เมืองแมน,^eบรรณาธิการ
945    ^p650^l0^i026946
945    ^p650^l0^i026945
945    ^p650^l0^i026944
945    ^p650^l0^i026943
995    ทศพร
999 ^a ใช้งานได้ทุกระบบ
รายการนี้ยังไม่มีแท็ก
คุณยังไม่ได้ล็อกอิน คุณสามารถมีกิจกรรมร่วมกับเว็บไซต์ได้ แต่ต้องล็อกอินก่อน ::
  ล็อกอิน

รายการสื่อสารสนเทศ

ลำดับที่ ประเภท เลขเรียก/บาร์โค้ด สถานที่ สถานะ
- ไม่พบข้อมูล -

รายการใกล้เคียง
    หัวเรื่อง [ศัลยศาสตร์]

BibComment


ยังไม่เคยถูกคอมเมนท์

คอมเมนท์ทรัพยากรรายการนี้
  คอมเมนท์: ศัลยศาสตร์ทั่วไป ..


 Copyright 2026. Bcnsprnw @Library